[Event "Lublin Chmielewski Memorial-B"]
[Site "Lublin"]
[Date "2013.12.28"]
[Round "4"]
[White "Kozuch, Piotr"]
[Black "Grochowski, Kosma"]
[Result "0-1"]
[WhiteElo "1000"]
[BlackElo "1000"]
[PlyCount "34"]
[EventDate "2013.12.27"]
[EventType "swiss"]
[EventRounds "7"]
[EventCountry "POL"]
[SourceTitle "CBM 158 Extra"]
[Source "ChessBase"]
[SourceDate "2014.02.28"]
[SourceVersion "1"]
[SourceVersionDate "2014.02.28"]
[SourceQuality "1"]

1. e4 c6 2. d4 d5 3. Nc3 dxe4 4. Nxe4 Bf5 5. Ng3 Bg6 6. Be3 e6 7. Nf3 Nd7 8. Bd3 Bd6 9. Ne4 Be7 10. Bf4 Bxe4 11. Bxe4 Ngf6 12. Bd3 Qb6 13. Rb1 c5 14. c3 cxd4 15. cxd4 Qa5+ 16. Qd2 Bb4 17. 0-0 Bxd2 0-1

[Event "Lublin Chmielewski Memorial-B"]
[Site "Lublin"]
[Date "2013.12.28"]
[Round "7"]
[White "Nowosad, Jan"]
[Black "Grochowski, Kosma"]
[Result "1/2-1/2"]
[WhiteElo "1599"]
[BlackElo "1000"]
[PlyCount "75"]
[EventDate "2013.12.27"]
[EventType "swiss"]
[EventRounds "7"]
[EventCountry "POL"]
[SourceTitle "CBM 158 Extra"]
[Source "ChessBase"]
[SourceDate "2014.02.28"]
[SourceVersion "1"]
[SourceVersionDate "2014.02.28"]
[SourceQuality "1"]

1. e4 c6 2. d4 d5 3. Nc3 dxe4 4. Nxe4 Bf5 5. Ng3 Bg6 6. Nf3 Nd7 7. Bd3 Bxd3 8. Qxd3 Qc7 9. Bd2 e6 10. 0-0-0 Ngf6 11. Rhe1 0-0-0 12. Ne4 Nxe4 13. Qxe4 Nf6 14. Qe2 Bd6 15. g3 h6 16. Kb1 Rhe8 17. Qc4 b6 18. Be3 Nd7 19. Rd3 c5 20. Red1 e5 21. dxe5 Nxe5 22. Nxe5 Bxe5 23. Qg4+ Kb8 24. Rd7 Rxd7 25. Rxd7 Qc8 26. Qd1 Qa6 27. Qd5 Qc8 28. Rxf7 Bc7 29. Qc6 Re6 30. Qxc7+ Qxc7 31. Bf4 Qxf4 32. Rxf4 Re7 33. Kc1 Kc7 34. Kd2 Kc6 35. a3 a6 36. b4 b5 37. Rf5 cxb4 38. axb4 1/2-1/2

[Event "Lublin Chmielewski Memorial-B"]
[Site "Lublin"]
[Date "2013.12.27"]
[Round "3"]
[White "Grochowski, Kosma"]
[Black "Fraczek, Weronika"]
[Result "0-1"]
[WhiteElo "1000"]
[BlackElo "1562"]
[PlyCount "88"]
[EventDate "2013.12.27"]
[EventType "swiss"]
[EventRounds "7"]
[EventCountry "POL"]
[SourceTitle "CBM 158 Extra"]
[Source "ChessBase"]
[SourceDate "2014.02.28"]
[SourceVersion "1"]
[SourceVersionDate "2014.02.28"]
[SourceQuality "1"]

1. e4 e6 2. d4 d5 3. exd5 exd5 4. Bd3 Bd6 5. h3 Nc6 6. c3 Nge7 7. Nf3 Bf5 8. Bb5 f6 9. Nh4 Be6 10. Qe2 Qd7 11. Bxc6 Nxc6 12. Nf5 Bf8 13. Bf4 0-0-0 14. Ne3 g5 15. Bg3 Bg7 16. 0-0 h5 17. b4 f5 18. f4 g4 19. h4 Bf6 20. Be1 Rhe8 21. a4 Bf7 22. Qd3 Qe6 23. Bd2 Bxh4 24. Qxf5 Qxf5 25. Nxf5 Bf6 26. Na3 Re2 27. Rad1 Rde8 28. Rfe1 Rxe1+ 29. Rxe1 Be6 30. Nc2 Kd7 31. Nfe3 Bh4 32. Ra1 Ne7 33. Kh2 c6 34. g3 Bf6 35. b5 Bf7 36. Nb4 Bg6 37. bxc6+ bxc6 38. Na6 Nf5 39. Nc5+ Kd6 40. Re1 Nxe3 41. Bxe3 Bf5 42. Kg2 Rb8 43. Re2 Rb1 44. Bf2 Rc1 0-1